Pays du Commonwealth - Mort subite sur une carte - Statistiques

Statistiques générales
  • Ce quiz a été pris 5 118 fois
  • Le résultat moyen est 11 sur 27
Answers on the Grid
Answers color-coded by a green-red scale on the quiz's grid according to % correct below.
 
Statistiques - réponses
Réponse % Correct
Royaume-Uni
80%
Canada
66%
Canada
64%
Canada
64%
Canada, Bahamas
64%
Canada
62%
Australie, Papouasie-Nouvelle-Guinée
57%
Australie
55%
Australie, Nouvelle-Zélande
55%
Vanuatu, Îles Salomon, Fidji, + autres
54%
Malte
45%
Inde, Sri Lanka, Malaisie, + autres
41%
Ouganda, Tanzanie, Kenya
36%
Gabon, Namibie, Botswana, + autres
35%
Afrique du Sud, Lesotho
35%
Seychelles, Tanzanie, Mozambique, + autres
33%
Pakistan, Inde, Bangladesh
33%
Belize, Jamaïque, Bahamas, + autres
31%
Chypre
31%
Cameroun, Nigeria, Ghana, + autres
27%
Malaisie
23%
Sierra Leone
17%
Kiribati, Nauru
15%
Kiribati
8%
Belize
8%
Kiribati
7%
Royaume-Uni (Îles Malouines)
4%
Aucun quiz correspondant
Distribution des résultats
% des personnes avec chaque résultat
Percentile par nombre de réponses
Votre historique - résultats
Vous n’avez pas pris ce quiz